| 000 | 00466nam a2200145 a 4500 | ||
|---|---|---|---|
| 001 | 000034445 | ||
| 005 | 20200930073713.0 | ||
| 008 | 111004s1970 xxu r 000 0 spa d | ||
| 040 |
_aDO-SdBNP _bspa _cBNPHU |
||
| 082 |
_axxxx _bR425d |
||
| 110 | 1 |
_aRepública Dominicana _b[leyes, etc.] _911088 |
|
| 245 | 1 | 0 |
_aDominican customs tariff : _b(in effect January 1, 1910) with index. |
| 260 |
_aWashington : _bGovernment Printing Office, _c1970. |
||
| 300 |
_a179 p. ; _c23 cm. |
||
| 999 |
_c33936 _d33936 |
||